Good vocab words Quiz Stats

 Plays Quiz not verified by Sporcle

Support Sporcle.
Go Orange.
Score 0/10 Timer 07:00
0 Plays Today
Word Definition % Correct
Loquacioustalkative
100%
Fripperypretentious
75%
Ephemeralshort lived
75%
Amorphousshapeless
75%
Propitiousfavourable conditions
75%
Insalubriousnot promoting health
75%
Caliginousdark misty gloomy
75%
Reticentreluctant
50%
Malleableeasily influenced
50%
Pernicioushaving a harmful effect
50%

You're not logged in!

Compare scores with friends on all Sporcle quizzes.
OR
Log In

From the Vault

Which Happened First? (1980s)

by jar514

You'll be good to go if you know what happened second.
Remove Ads.
Support Sporcle.
Get the best of Sporcle when you Go Orange. This ad-free experience offers more features, more stats, and more fun while also helping to support Sporcle. Thank you for becoming a member.

Show Comments

Extras

Top Quizzes Today


Score Distribution

Your Account Isn't Verified!

In order to create a playlist on Sporcle, you need to verify the email address you used during registration. Go to your Sporcle Settings to finish the process.

Report this User

Report this user for behavior that violates our Community Guidelines.

Details: